Otvorenie rakúskeho pracovného trhu pre obyvateľov Slovenskej republiky bakalárska práca

Saved in:
Bibliographic Details
Main Author: Rozborilová, Katarína
Corporate Author: Obchodná fakulta EU. Katedra medzinárodného obchodu
Other Authors: Hasprová, Mária, 1970-
Format: Book
Language:Slovak
Published: Bratislava 2012
Tags: Add Tag
No Tags, Be the first to tag this record!

MARC

LEADER 00000nbm a2200000 4500
001 0160733
005 20161016114616.4
041 0 |a slo 
044 |a SK 
245 1 0 |a Otvorenie rakúskeho pracovného trhu pre obyvateľov Slovenskej republiky  |b bakalárska práca  |c Katarína Rozborilová ; školiteľ: Mária Hasprová 
264 1 |a Bratislava  |c 2012 
300 |a 39 s. 
100 1 |a Rozborilová, Katarína 
700 1 |a Hasprová, Mária, 1970- 
710 2 |a Obchodná fakulta EU. Katedra medzinárodného obchodu